[Event "Pan American-ch U18"]
[Site "Cuenca"]
[Date "2006.08.??"]
[Round "7"]
[White "Arreguin Hernandez, Alan Guillermo"]
[Black "Saltos, Ramiro"]
[Result "1/2-1/2"]
[WhiteElo "2253"]
[BlackElo "2027"]
[PlyCount "58"]
[EventDate "2006.08.??"]
[EventType "swiss"]
[EventRounds "9"]
[EventCountry "ECU"]
[SourceTitle "EXT 2022"]
[Source "ChessBase"]
[SourceDate "2021.10.06"]
[SourceVersion "1"]
[SourceVersionDate "2021.10.06"]
[SourceQuality "1"]

1. e4 c5 2. Nf3 e6 3. d4 cxd4 4. Nxd4 Qb6 5. Nc3 Bc5 6. Na4 Qa5+ 7. c3 Bxd4 8. Qxd4 Nf6 9. Nc5 Nc6 10. Qd6 b6 11. Nb3 Nxe4 12. Qxc6 dxc6 13. Nxa5 bxa5 14. Bf4 0-0 15. f3 e5 16. Be3 Nf6 17. h3 a4 18. Bc4 Nd5 19. Bxd5 cxd5 20. b4 axb3 21. axb3 Be6 22. Bxa7 Rfb8 23. Kd2 Rxb3 24. Bc5 Rb2+ 25. Kd3 Bf5+ 26. Ke3 Raa2 27. Rxa2 Rxa2 28. g4 Be6 29. Rb1 h6 1/2-1/2

[Event "Pan American-ch U18"]
[Site "Cuenca"]
[Date "2006.??.??"]
[Round "1"]
[White "Saltos, Ramiro"]
[Black "Cornejo, Max"]
[Result "0-1"]
[WhiteElo "2027"]
[BlackElo "2222"]
[PlyCount "103"]
[EventDate "2006.08.??"]
[EventType "swiss"]
[EventRounds "9"]
[EventCountry "ECU"]
[SourceTitle "EXT 2008"]
[Source "ChessBase"]
[SourceDate "2007.11.25"]
[SourceVersion "1"]
[SourceVersionDate "2007.11.25"]
[SourceQuality "1"]

1. d4 d5 2. Nf3 c5 3. c4 e6 4. cxd5 exd5 5. Nc3 Nc6 6. g3 Nf6 7. Bg2 Be7 8. 0-0 0-0 9. Bg5 cxd4 10. Nxd4 h6 11. Be3 Re8 12. Rc1 Bg4 13. h3 Be6 14. Qa4 Qd7 15. Kh2 Bd6 16. Ndb5 Bb8 17. Qd1 a6 18. Nd4 Ba7 19. Qd2 Rad8 20. Rfd1 Qe7 21. b3 Bc8 22. Nxc6 bxc6 23. Bxa7 Qxa7 24. e3 Bf5 25. Qd4 c5 26. Qf4 Be6 27. Na4 Rc8 28. Qd6 Red8 29. Qb6 Qxb6 30. Nxb6 Rc7 31. Bf1 Rb8 32. Na4 c4 33. Kg2 Bd7 34. Nc3 cxb3 35. axb3 Rxb3 36. Nxd5 Nxd5 37. Rxc7 Nxc7 38. Rxd7 Rc3 39. Rd8+ Kh7 40. Rb8 a5 41. Rb7 a4 42. Ra7 a3 43. Ra5 Ne6 44. Ba6 Nc5 45. Bc8 g6 46. Ba6 Kg7 47. Bc8 Kf8 48. h4 h5 49. Ra7 Rb3 50. Kf3 Nd3 51. Ba6 Ne5+ 52. Kg2 0-1

[Event "Pan American-ch U18"]
[Site "Cuenca"]
[Date "2006.??.??"]
[Round "3"]
[White "Saltos, Ramiro"]
[Black "Gomez, Carlos David"]
[Result "0-1"]
[WhiteElo "2027"]
[BlackElo "2197"]
[PlyCount "60"]
[EventDate "2006.08.??"]
[EventType "swiss"]
[EventRounds "9"]
[EventCountry "ECU"]
[SourceTitle "EXT 2008"]
[Source "ChessBase"]
[SourceDate "2007.11.25"]
[SourceVersion "1"]
[SourceVersionDate "2007.11.25"]
[SourceQuality "1"]

1. d4 Nf6 2. c4 g6 3. Nc3 Bg7 4. e4 d6 5. f3 0-0 6. Be3 Nc6 7. Qd2 Re8 8. Nge2 Rb8 9. h4 h5 10. Bg5 a6 11. Nc1 e5 12. dxe5 Nxe5 13. Be2 Be6 14. b3 Qd7 15. Nd3 Nxd3+ 16. Bxd3 b5 17. Rd1 bxc4 18. bxc4 Qc6 19. 0-0 Bxc4 20. Bxc4 Qxc4 21. Bxf6 Bxf6 22. Nd5 Bg7 23. Rc1 Qd4+ 24. Qxd4 Bxd4+ 25. Kh1 c5 26. Rfd1 Kg7 27. Nc7 Re7 28. Nd5 Reb7 29. Rc2 Rb2 30. Rxb2 Rxb2 0-1